00497nam a22001577a 450000500170000001000150001702000260003203500140005803700130007208200080008510000180009324500420011126000420015327001240019530000200031920190717151152.0 aENG-125979 a9789385958352c499.00 aEN-109511 bDBAD/PUB a480 aJones, H.S.V. aWords and sentences /cby H.S.V.Jones aNew DelhibThe Readers Paradisec2016 a103, 4787/23, Ansari Road, Darya Ganj bNew Delhie110002k011-23246222, 09811197091mthereadersparadisesales@gmail.com a166p.c22cm(Hb)